000 00274nam a22001217a 4500
008 170526b xxu||||| |||| 00| 0 eng d
041 _aeng
080 _a621
100 _a25
101 _aIM
245 _aELECTROMECHANICAL ENERGY CONVERSION
_cWHITE, D.C
942 _2udc
_cBK
999 _c14390
_d14390